All starter Pokemon - Statistics

General Stats
  • This quiz has been taken 27 times
  • The average score is 34 of 81
Answer Stats
Hint Answer % Correct
#001 Bulbasaur
93%
#006 Charizard
93%
#009 Blastoise
87%
#004 Charmander
87%
#005 Charmeleon
87%
#002 Ivysaur
87%
#007 Squirtle
87%
#003 Venusaur
87%
#008 Wartortle
87%
#495 Snivy
73%
#393 Piplup
67%
#252 Treecko
67%
#153 Bayleef
60%
#257 Blaziken
60%
#152 Chikorita
60%
#498 Tepig
60%
#255 Torchic
60%
#389 Torterra
60%
#155 Cyndaquil
53%
#395 Empoleon
53%
#388 Grotle
53%
#154 Meganium
53%
#258 Mudkip
53%
#254 Sceptile
53%
#158 Totodile
53%
#387 Turtwig
53%
#157 Typhlosion
53%
#256 Combusken
47%
#653 Fennekin
47%
#156 Quilava
47%
#260 Swampert
47%
#390 Chimchar
40%
#159 Croconaw
40%
#655 Delphox
40%
#160 Feraligatr
40%
#253 Grovyle
40%
#392 Infernape
40%
#725 Litten
40%
#501 Oshawott
40%
#394 Prinplup
40%
#722 Rowlet
40%
#497 Serperior
40%
#726 Torracat
40%
#652 Chesnaught
33%
#650 Chespin
33%
#723 Dartrix
33%
#724 Decidueye
33%
#500 Emboar
33%
#656 Froakie
33%
#658 Greninja
33%
#727 Incineroar
33%
#391 Monferno
33%
#651 Quilladin
33%
#654 Braixen
27%
#657 Frogadier
27%
#259 Marshtomp
27%
#908 Meowscarada
27%
#728 Popplio
27%
#912 Quaxly
27%
#813 Scorbunny
27%
#906 Sprigatito
27%
#815 Cinderace
20%
#502 Dewott
20%
#909 Fuecoco
20%
#810 Grookey
20%
#818 Inteleon
20%
#499 Pignite
20%
#730 Primarina
20%
#914 Quaquavel
20%
#913 Quaxwell
20%
#814 Raboot
20%
#812 Rillaboom
20%
#503 Samurott
20%
#496 Servine
20%
#911 Skeledirge
20%
#816 Sobble
20%
#811 Thwackey
20%
#729 Brionne
13%
#910 Crocalor
13%
#817 Drizzile
13%
#907 Floragato
13%
No matching quizzes found
Score Distribution
Percent of People with Each Score
Percentile by Number Answered
Your Score History
You have not taken this quiz